Quiz NBA dla wymiataczy! - Statystyki

Ogólne statystyki
  • Ten quiz został rozwiązany 363 razy
    290 od ostatniego zresetowania
  • Średni wynik to 10 z 15
Statystyki odpowiedzi
Zagadnienie Odpowiedź % Poprawnych
Marcin Gortat NIE grał nigdy w: ★★★★★ NY Knicks
92%
Gdzie gra Derrick White? ★ Boston Celtics
88%
Gdzie Michael Jordan zakończył karierę? ★ Washington Wizards
81%
Rekordowy bilans meczów (wygrane - przegrane) w sezonie zasadniczym należy do: ★★★★★ Golden State Warriors
77%
Która drużyna nigdy nie wystąpiła w Finałach NBA? ★★★★ New Orleans Pelicans
76%
Ile MVP zdobył Stephen Curry? ★ 2
75%
Minnesota Timberwolves ma siedzibę w mieście: ★★ Minneapolis,
74%
Ile mistrzostw ma SAN ANTONIO SPURS? ★★ 5
71%
Domantas Sabonis przed wymianą do Sacramento Kings grał w: ★★ Indiana Pacers
71%
Ile najwięcej rzucił pkt w jednym meczu LeBron James? ★★★★ 61
69%
Jaki gracz nie brał udziału w DRAFT 2003 razem z LeBronem James? ★★★ Chris Paul
69%
Jak nazywa się właściciel Los Angeles Clippers? ★★★★ Steve Ballmer
56%
Steven Adams gracz Houston Rockets pochodzi z: ★★★ Nowa Zelandia
48%
Jaka drużyna zastrzegła numer 23 Michaela Jordana ,pomimo że ten nigdy w niej nie grał? ★★★★★ Miami Heat
47%
Kto nie jest graczem Phoenix Suns? ★★★ Cody Martin
32%
Nie znaleziono quizów pasujących do podanych kryteriów
Rozkład punktacji
Procent ludzi z każdym wynikiem
Percentyl według liczby udzielonych odpowiedzi
Twoja historia wyników
Nie rozwiązałeś tego quizu od ostatniego zresetowania